Readings in accounting and fincance/ (Record no. 25035)

MARC details
000 -LEADER
fixed length control field 01068nam a2200361 a 4500
001 - CONTROL NUMBER
control field vtls000021092
003 - CONTROL NUMBER IDENTIFIER
control field NLI
005 - DATE AND TIME OF LATEST TRANSACTION
control field 20210601182242.0
008 - FIXED-LENGTH DATA ELEMENTS--GENERAL INFORMATION
fixed length control field 101125s1973 ii 001 0 eng
039 #9 - LEVEL OF BIBLIOGRAPHIC CONTROL AND CODING DETAIL [OBSOLETE]
-- 201011250150
-- VLOAD
040 0# - CATALOGING SOURCE
Original cataloging agency NLI
Language of cataloging eng
Transcribing agency VERGIS-2003
041 0# - LANGUAGE CODE
Language code of text/sound track or separate title eng
044 ## - COUNTRY OF PUBLISHING/PRODUCING ENTITY CODE
MARC country code ii
082 04 - DEWEY DECIMAL CLASSIFICATION NUMBER
Classification number 658.15
245 00 - TITLE STATEMENT
Title Readings in accounting and fincance/
Statement of responsibility, etc. edited by K.S. Mathur
260 ## - PUBLICATION, DISTRIBUTION, ETC.
Place of publication, distribution, etc. Calcutta:
Name of publisher, distributor, etc. Academic ,
Date of publication, distribution, etc. 1973
300 ## - PHYSICAL DESCRIPTION
Extent xv, 379 p.;
Dimensions 23 cm.
500 ## - GENERAL NOTE
General note Includes index
650 #0 - SUBJECT ADDED ENTRY--TOPICAL TERM
Topical term or geographic name entry element Corporations
General subdivision Accounting
9 (RLIN) 1111
650 #0 - SUBJECT ADDED ENTRY--TOPICAL TERM
Topical term or geographic name entry element Corporations
General subdivision Finance
9 (RLIN) 85
650 #0 - SUBJECT ADDED ENTRY--TOPICAL TERM
Topical term or geographic name entry element Cash management
700 1# - ADDED ENTRY--PERSONAL NAME
Personal name Mathur, K. S.,
Relationship edt
9 (RLIN) 68450
887 ## - NON-MARC INFORMATION FIELD
Content of non-MARC field K.K. Samy
901 ## - LOCAL DATA ELEMENT A, LDA (RLIN)
a DB 22876
b 28/03/1973
902 ## - LOCAL DATA ELEMENT B, LDB (RLIN)
a E 658.15 M 426
903 ## - LOCAL DATA ELEMENT C, LDC (RLIN)
a 11/03/2004
904 ## - LOCAL DATA ELEMENT D, LDD (RLIN)
a K.K. Samy
906 ## - LOCAL DATA ELEMENT F, LDF (RLIN)
a 020732
949 ## - LOCAL PROCESSING INFORMATION (OCLC)
-- VIRTUAITEM
-- 10000
-- 1
-- 100
6 DBA000022876ENG
a E 658.15 M426
942 ## - ADDED ENTRY ELEMENTS (KOHA)
Source of classification or shelving scheme Dewey Decimal Classification
Koha item type Books
Holdings
Withdrawn status Lost status Damaged status Not for loan Collection code Home library Current library Shelving location Date acquired Total Checkouts Full call number Barcode Date last seen Price effective from Koha item type
        New English National Library of India National Library of India New English - Main Stack Division     E 658.15 M 426 DBA000022876ENG 01/06/2021 01/06/2021 Books
                                                                           
web counter

Copyright ©2020 The National Library of India, Govt. of India ↔ Hosted by NVLI, MOC ↔ Technology and Design by National Library of India, Ministry of Culture, Govt. of India